Управление предприятием (фирмой) с использованием информационных систем (Запись № 561761)

Подробности
000 -МАРКЕР
контрольное поле 02506nam0a2200397 4500
001 - ИДЕНТИФИКАТОР ЗАПИСИ
контрольное поле RU\NLR\bibl\1010553
005 - ИДЕНТИФИКАТОР ВЕРСИИ
контрольное поле 20260405115534.0
010 ## - МЕЖДУНАРОДНЫЙ СТАНДАРТНЫЙ НОМЕР КНИГИ (ISBN)
Номер (ISBN) 5-16-002036-5
Тираж 2000
021 ## - НОМЕР ГОСУДАРСТВЕННОЙ РЕГИСТРАЦИИ
Код страны Российская Федерация
Номер 2006-61842
Номер Листа государственной регистраци 3082
035 ## - ДРУГИЕ СИСТЕМНЫЕ НОМЕРА
Идентификатор записи (NLR Aleph) 000998186
100 ## - ДАННЫЕ ОБЩЕЙ ОБРАБОТКИ
Данные общей обработки 20061117d2007 |||y0rusy50 ca
101 0# - ЯЗЫК РЕСУРСА
Язык текста, звукозаписи и т.д. русский
102 ## - СТРАНА ПУБЛИКАЦИИ ИЛИ ПРОИЗВОДСТВА
Страна публикации Российская Федерация
105 ## - ПОЛЕ КОДИРОВАННЫХ ДАННЫХ: ТЕКСТОВЫЕ МАТЕРИАЛЫ, МОНОГРАФИЧЕСКИЕ
Кодированные данные о монографическом текстовом документе a |||||||||
200 1# - ЗАГЛАВИЕ И СВЕДЕНИЯ ОБ ОТВЕТСТВЕННОСТИ
Основное заглавие Управление предприятием (фирмой) с использованием информационных систем
Сведения, относящиеся к заглавию учебное пособие
-- для студентов высших учебных заведений обучающихся по экономическим специальностям
Первые сведения об ответственности А. В. Никитин, И. А. Рачковская, И. В. Савченко
Последующие сведения об ответственности МГУ им. М. В. Ломоносова, Экон. фак.
210 ## - ПУБЛИКАЦИЯ, РАСПРОСТРАНЕНИЕ И ДР.
Место издания, распространения и т.д. Москва
Имя издателя, распространителя и т. д. ИНФРА-М
-- Национальный фонд подготовки кадров
Дата издания, распространения и т.д. 2007 [т. е. 2006]
215 ## - ФИЗИЧЕСКАЯ ХАРАКТЕРИСТИКА
Специфическое обозначение материала и объем 186, [1] с.
Другие сведения о физической характеристике ил.
Размеры 22
225 1# - СЕРИЯ
Основное заглавие серии Учебники экономического факультета МГУ им. М. В. Ломоносова
300 ## - ОБЩИЕ ПРИМЕЧАНИЯ
Текст примечания 250-летию МГУ им. М. В. Ломоносова посвящается
300 ## - ОБЩИЕ ПРИМЕЧАНИЯ
Текст примечания Кн. фактически изд. в 2006 г.
320 ## - ПРИМЕЧАНИЯ О НАЛИЧИИ В ДОКУМЕНТЕ БИБЛИОГРАФИИ / УКАЗАТЕЛЯ
Текст примечания Библиогр. в конце глав и в подстроч. примеч.
606 1# - НАИМЕНОВАНИЕ ТЕМЫ КАК ПРЕДМЕТ
Наименование темы Предприятия
Формальный подзаголовок Учебные издания для высших учебных заведений
Тематический подзаголовок Управление
-- Информационное обеспечение
Системный номер авторитетной/нормативной записи 2270576
Идентификатор авторитетной/нормативной записи RU\NLR\auth\661360923
606 1# - НАИМЕНОВАНИЕ ТЕМЫ КАК ПРЕДМЕТ
Наименование темы Фирмы
Формальный подзаголовок Учебные издания для высших учебных заведений
Тематический подзаголовок Управление
-- Информационное обеспечение
Системный номер авторитетной/нормативной записи 2261122
Идентификатор авторитетной/нормативной записи RU\NLR\auth\661355724
686 ## - ИНДЕКСЫ ДРУГИХ КЛАССИФИКАЦИЙ
Индекс У21(2)91ф.я73
686 ## - ИНДЕКСЫ ДРУГИХ КЛАССИФИКАЦИЙ
Индекс У21(2)91в612я73
700 #1 - ИМЯ ЛИЦА - ПЕРВИЧНАЯ ОТВЕТСТВЕННОСТЬ
Код отношения Автор
Материалы, к которым относится поле rus
Графика поля Кириллица
Начальный элемент ввода Никитин
Часть имени, кроме начального элемента ввода А. В.
Дополнения к именам, кроме дат канд. физ.-мат. наук
Расширение инициалов личного имени Андрей Вячеславович
Идентификатор авторитетной/нормативной записи RU\NLR\AUTH\7745899
Системный номер авторитетной/нормативной записи 28834
701 #1 - ИМЯ ЛИЦА - АЛЬТЕРНАТИВНАЯ ОТВЕТСТВЕННОСТЬ
Код отношения Автор
Материалы, к которым относится поле rus
Графика поля Кириллица
Начальный элемент ввода Рачковская
Часть имени, кроме начального элемента ввода И. А.
Расширение инициалов личного имени Ирина Аркадьевна
Идентификатор авторитетной/нормативной записи RU\NLR\AUTH\7745903
Системный номер авторитетной/нормативной записи 28838
701 #1 - ИМЯ ЛИЦА - АЛЬТЕРНАТИВНАЯ ОТВЕТСТВЕННОСТЬ
Код отношения Автор
Материалы, к которым относится поле rus
Графика поля Кириллица
Начальный элемент ввода Савченко
Часть имени, кроме начального элемента ввода И. В.
Даты 1961-
Расширение инициалов личного имени Ирина Валерьевна
Идентификатор авторитетной/нормативной записи RU\NLR\AUTH\7745904
Системный номер авторитетной/нормативной записи 28839
801 #0 - ИСТОЧНИК ЗАПИСИ
Страна Российская Федерация
Организация NLR
Дата составления 20061117
Правила каталогизации rcr
801 #1 - ИСТОЧНИК ЗАПИСИ
Страна Российская Федерация
Организация NLR
Дата составления 20061117
830 ## - ОБЩЕЕ ПРИМЕЧАНИЕ, СОСТАВЛЕННОЕ КАТАЛОГИЗАТОРОМ
Текст примечания авт. по кн.
942 ## - ДОПОЛНИТЕЛЬНЫЕ ЭЛЕМЕНТЫ ЗАПИСИ (АБИС)
Тип экземпляра АБИС Книга
980 ## - КОЛЛЕКЦИЯ
Название коллекции Национальная библиография
Экземпляры
Тип экземпляра Дата поступления Источник поступления Библиотека постоянного хранения Библиотека текущего хранения Место хранения Шифр хранения Штрих-код Статус экземпляра
Книга 17.11.2006 Обязательный экземпляр РНБ (Московский) РНБ (Московский) Русский книжный фонд: издания с 1957 года 2006-5/8352 1-551561  
Книга 17.11.2006 Обязательный экземпляр РНБ (Московский) РНБ (Московский) Русский книжный фонд: издания с 1957 года 2006-5/8352 2303298